000 00747 a2200193 4500
003 Nust
005 20220428094522.0
022 _a1579060722
038 _aMuhammad Ibrahim
040 _cNust
082 _a355.3
_bGOM 2014
100 _aGompert, David C.
_991255
245 _aBattle-wise :
_bseeking time-information superiority in networked warfare
_hDavid C. Gompert, Irving Lachow, and Justin Perkins
260 _aServices Book Club
_bGHQ Rawalpindi
_c2014
300 _a174 p
563 _aP.B
650 _aCommand and control systems --United States.
_cInformation warfare --United States.
_xOperational art (Military science)
_yComputer networks --United States.
_zMilitary art and science --Automation
_991256
942 _2ddc
_cBK
999 _c589436
_d589436